| 000 | 00846cab a2200253 4500 | ||
|---|---|---|---|
| 001 | ABS56514 | ||
| 008 | 090401t1997 xxu||||| |||| 00| 0 eng d | ||
| 035 | _a(Sirsi) u24199 | ||
| 041 | _aeng | ||
| 100 | _aHall, B. | ||
| 245 | _aGround control to Sec of State | ||
| 260 | _c1997 | ||
| 350 | _a0 | ||
| 490 |
_aProperty Week _v58(4) 31 January 1997, 26(1) |
||
| 520 | _aExplains the changes made to the method of discharging and modifying covenants created by deeds of planning obligations have not provided the flexibility for developers as might have been hoped. | ||
| 650 | _aLANDS TRIBUNAL | ||
| 650 | _aPLANNING AGREEMENTS | ||
| 650 | _aPLANNING APPEALS | ||
| 650 | _aRESTRICTIVE COVENANTS | ||
| 650 | _aTOWN AND COUNTRY PLANNING ACT 1990 S106(A) | ||
| 690 | _aPLANNING LAW AND PRACTICE | ||
| 942 | _n0 | ||
| 948 | _c04/03/1997 | ||
| 999 |
_c16215 _d16215 |
||